000 01178nam2a22002291 4500
001 v19\rc\1247431
005 20250617234139.0
035 _a(NLR Aleph) 004404294
090 _a3919379
_c3919379
100 _a20060306d1891 |||y0rusy50 ca
101 0 _arus
102 _aRU
105 _ay z |||||
200 0 _a... 121 (171)-го 8-го октября 1891 г.
210 _d[1891]
_aБ. м.
215 _a6 с.
461 0 _1001v19\rc\1247429
_12001#$aПротокол ... заседания Физического отделения Русского физико-химического общества ...$v... 121 (171)-го 8-го октября 1891 г.$90
_93919359
_aРусское физико-химическое общество (Петербург). Физическое отделение
_cСанкт-Петербург
_d1888
_tПротокол ... заседания Физического отделения Русского физико-химического общества ...
_v... 121 (171)-го 8-го октября 1891 г.$90
801 0 _aRU
_bNLR
_gpsbo
801 1 _aRU
_bProSoft-M
_2rusmarc
852 _aNLR
_j18.188.4.14
942 _cBOOK
980 _aNB